[Event "Aragon-chT Honor Gr I"]
[Site "Aragon"]
[Date "2022.01.29"]
[Round "1.14"]
[White "Hernando Garcia, Antonio"]
[Black "Gavin Roche, Enrique"]
[Result "0-1"]
[WhiteElo "2133"]
[BlackElo "2237"]
[PlyCount "106"]
[EventDate "2022.01.29"]
[EventType "team-tourn"]
[EventRounds "7"]
[EventCountry "ESP"]
[SourceTitle "EXT 2024"]
[Source "ChessBase"]
[SourceDate "2023.10.10"]
[SourceVersion "1"]
[SourceVersionDate "2023.10.10"]
[SourceQuality "1"]
[WhiteTeam "El Olivar"]
[BlackTeam "Aragon ONCE"]
[WhiteTeamCountry "ESP"]
[BlackTeamCountry "ESP"]

1. c4 e6 2. Nf3 d5 3. cxd5 exd5 4. d4 Nf6 5. Nc3 Be7 6. Bg5 0-0 7. Qc2 Re8 8. e3 h6 9. Bh4 c5 10. dxc5 Nc6 11. Bxf6 Bxf6 12. Be2 Qa5 13. 0-0 Qxc5 14. Rac1 d4 15. Ne4 Qxc2 16. Nxf6+ gxf6 17. Rxc2 dxe3 18. fxe3 Rxe3 19. Kf2 Re7 20. Bb5 Ne5 21. Nd4 Be6 22. Kg3 Rd8 23. Nxe6 Rxe6 24. Be2 Kg7 25. h3 Rd4 26. Rfc1 f5 27. Rf1 Rg6+ 28. Kh2 f4 29. Rc5 Rg5 30. Rc2 Rg3 31. Bf3 b6 32. Re2 f6 33. Rc2 Kg6 34. Rcf2 Kg5 35. Rc2 a5 36. a3 h5 37. Re2 h4 38. Rc2 Rd3 39. Be4 Rde3 40. Bb7 f3 41. gxf3 Kf4 42. Rd2 Rd3 43. Rxd3 Nxd3 44. b4 axb4 45. axb4 Ke3 46. b5 Nf4 47. Bc8 Rg2+ 48. Kh1 Rb2 49. Bd7 Ne2 50. Re1 Kf2 51. Ra1 Ng3+ 52. Kh2 Kxf3+ 53. Kg1 Rg2# 0-1

[Event "Aragon-chT Honor Pl 7-10"]
[Site "Aragon"]
[Date "2019.03.16"]
[Round "8.14"]
[White "Gavin Roche, Enrique"]
[Black "Barrantes Munoz, Hugo Pedro"]
[Result "1-0"]
[WhiteElo "2220"]
[BlackElo "2200"]
[PlyCount "41"]
[EventDate "2019.03.16"]
[EventType "team-tourn"]
[EventRounds "9"]
[EventCountry "ESP"]
[SourceTitle "EXT 2020"]
[Source "ChessBase"]
[SourceDate "2019.10.17"]
[SourceVersion "1"]
[SourceVersionDate "2019.10.17"]
[SourceQuality "1"]
[WhiteTeam "Aragon ONCE"]
[BlackTeam "Agrupacion"]
[WhiteTeamCountry "ESP"]
[BlackTeamCountry "ESP"]

1. d4 d5 2. c4 e6 3. Nc3 Be7 4. cxd5 exd5 5. Bf4 c6 6. e3 Bf5 7. Nge2 Nf6 8. Ng3 Be6 9. Bd3 0-0 10. Nf5 Bxf5 11. Bxf5 c5 12. dxc5 Nc6 13. 0-0 Bxc5 14. Rc1 d4 15. Nb5 Qb6 16. a4 Ne8 17. Qc2 Be7 18. Bxh7+ Kh8 19. Be4 Nb4 20. Qe2 Nf6 21. Bc7 1-0

[Event "Aragon-chT Honor Gr-B"]
[Site "Aragon"]
[Date "2019.02.09"]
[Round "3.9"]
[White "Gutierrez Mingueza, Ruben"]
[Black "Gavin Roche, Enrique"]
[Result "0-1"]
[WhiteElo "2068"]
[BlackElo "2220"]
[PlyCount "60"]
[EventDate "2019.01.26"]
[EventType "team-tourn"]
[EventRounds "7"]
[EventCountry "ESP"]
[SourceTitle "EXT 2020"]
[Source "ChessBase"]
[SourceDate "2019.10.17"]
[SourceVersion "1"]
[SourceVersionDate "2019.10.17"]
[SourceQuality "1"]
[WhiteTeam "San Jose"]
[BlackTeam "Aragon ONCE"]
[WhiteTeamCountry "ESP"]
[BlackTeamCountry "ESP"]

1. d4 d5 2. Nf3 Nf6 3. c4 e6 4. Nc3 Be7 5. Bg5 0-0 6. e3 h6 7. Bxf6 Bxf6 8. Qd2 c5 9. cxd5 cxd4 10. Nxd4 exd5 11. Be2 Nc6 12. 0-0 Nxd4 13. exd4 Be6 14. Bf3 Rc8 15. Ne2 Qd6 16. Qf4 Qb6 17. h4 Rc2 18. b3 Rfc8 19. Rfd1 Qd8 20. g3 Qa5 21. a3 Qb5 22. Qe3 g5 23. g4 Qd7 24. Kh1 Bxg4 25. Rg1 Bxf3+ 26. Qxf3 Rxe2 27. hxg5 hxg5 28. Rg3 Qe6 29. Qh5 Qe4+ 30. f3 Re1+ 0-1

[Event "Aragon-chT Honor Gr I"]
[Site "Aragon"]
[Date "2018.01.27"]
[Round "1.13"]
[White "Garza Marco, Sergio"]
[Black "Gavin Roche, Enrique"]
[Result "1/2-1/2"]
[WhiteElo "2418"]
[BlackElo "2231"]
[PlyCount "55"]
[EventDate "2018.01.27"]
[EventType "team-tourn"]
[EventRounds "7"]
[EventCountry "ESP"]
[SourceTitle "EXT 2019"]
[Source "ChessBase"]
[SourceDate "2018.10.10"]
[SourceVersion "1"]
[SourceVersionDate "2018.10.10"]
[SourceQuality "1"]
[WhiteTeam "Helios"]
[BlackTeam "Aragon ONCE"]
[WhiteTeamCountry "ESP"]
[BlackTeamCountry "ESP"]

1. d4 d5 2. Bf4 Nf6 3. e3 e6 4. Nd2 c5 5. c3 Nbd7 6. Ngf3 Be7 7. h3 b6 8. Bd3 Bb7 9. 0-0 a6 10. Qb1 h6 11. b4 Ra7 12. a4 0-0 13. Rc1 Qa8 14. a5 cxb4 15. cxb4 Rc8 16. Rxc8+ Qxc8 17. Qb2 Qd8 18. Rc1 Ne8 19. Qa3 bxa5 20. Qxa5 Qxa5 21. bxa5 Bb4 22. Nb3 Ra8 23. Rb1 Bc6 24. Ne1 Ba4 25. Nc2 Bc3 26. Bg3 Bxb3 27. Rxb3 Bxa5 28. Ra3 1/2-1/2

[Event "Aragon-chT Honor Titulo"]
[Site "Aragon"]
[Date "2017.03.25"]
[Round "9.9"]
[White "Gavin Roche, Enrique"]
[Black "Garza Marco, Sergio"]
[Result "0-1"]
[WhiteElo "2261"]
[BlackElo "2398"]
[PlyCount "210"]
[EventDate "2017.02.25"]
[EventType "team-tourn"]
[EventRounds "10"]
[EventCountry "ESP"]
[SourceTitle "EXT 2018"]
[Source "ChessBase"]
[SourceDate "2017.10.13"]
[SourceVersion "1"]
[SourceVersionDate "2017.10.13"]
[SourceQuality "1"]
[WhiteTeam "Aragon ONCE"]
[BlackTeam "Helios"]
[WhiteTeamCountry "ESP"]
[BlackTeamCountry "ESP"]

1. d4 Nf6 2. c4 b6 3. Nc3 Bb7 4. Nf3 g6 5. d5 Bg7 6. e4 0-0 7. Be2 d6 8. 0-0 Nbd7 9. h3 c5 10. Bf4 Ne8 11. Qd2 a6 12. Rfe1 Nc7 13. a4 Bc8 14. Bf1 f6 15. Rab1 Ne5 16. Be2 Rb8 17. b4 cxb4 18. Rxb4 a5 19. Rbb1 Nxf3+ 20. Bxf3 Na6 21. Nb5 Bd7 22. Nd4 Qc8 23. Rbc1 Nc5 24. Bd1 Nxa4 25. Bxa4 Bxa4 26. Ne6 Rf7 27. c5 bxc5 28. Nxc5 dxc5 29. Bxb8 Qxb8 30. Qxa5 Bd7 31. Qxc5 Qd6 32. Qxd6 exd6 33. Rc7 f5 34. exf5 Bxf5 35. Rxf7 Kxf7 36. f4 Bd4+ 37. Kh2 h5 38. Kg3 Bc3 39. Re2 Bb4 40. Kf3 h4 41. Rb2 Bc5 42. Rb8 Bc2 43. Rh8 Bd1+ 44. Ke4 Bc2+ 45. Kf3 Kg7 46. Re8 Bf5 47. Rb8 Bc2 48. Rc8 Bd1+ 49. Ke4 Kf7 50. Rh8 Bc2+ 51. Kf3 Bd4 52. Rc8 Bf5 53. Rb8 Bf6 54. Rb7+ Be7 55. Rb8 Bf6 56. Rb7+ Ke8 57. Ke3 Kd8 58. Ra7 Kc8 59. Ra6 Kc7 60. Rc6+ Kd7 61. Ra6 Bd8 62. Ra7+ Bc7 63. Ra8 Bb6+ 64. Kf3 Bd4 65. Ra4 Bc5 66. Ra8 Bd4 67. Ra4 Bg1 68. Ra1 Bb6 69. Ra8 Bd8 70. Ra7+ Kc8 71. Rh7 Bc2 72. Rf7 Ba5 73. Rh7 Be1 74. Rg7 Bd2 75. Rf7 Kd8 76. Rg7 Bc3 77. Rh7 Bf6 78. Ra7 Bf5 79. Ra6 Kc7 80. Rc6+ Kd7 81. Rb6 Ke7 82. Rb7+ Kf8 83. Rb6 Be7 84. Rb8+ Kf7 85. Ra8 g5 86. Ra7 gxf4 87. Kxf4 Bd3 88. Rc7 Kf6 89. Rc3 Bf5 90. Re3 Bf8 91. Kf3 Bd7 92. Ke4 Bf5+ 93. Kf3 Bh6 94. Re8 Bd2 95. Re2 Bc3 96. Re3 Be5 97. Re2 Bd3 98. Re3 Bc4 99. Ke4 Kg6 100. Rf3 Ba2 101. Rf8 Bb1+ 102. Kf3 Kg5 103. Ke3 Bf6 104. Kf3 Kf5 105. Re8 Ba2 0-1

[Event "Aragon-chT Honor GrA"]
[Site "Aragon"]
[Date "2017.03.11"]
[Round "7.5"]
[White "Villuendas Valero, Adrian"]
[Black "Gavin Roche, Enrique"]
[Result "1/2-1/2"]
[WhiteElo "2311"]
[BlackElo "2261"]
[PlyCount "110"]
[EventDate "2017.01.28"]
[EventType "team-tourn"]
[EventRounds "7"]
[EventCountry "ESP"]
[SourceTitle "EXT 2018"]
[Source "ChessBase"]
[SourceDate "2017.10.13"]
[SourceVersion "1"]
[SourceVersionDate "2017.10.13"]
[SourceQuality "1"]
[WhiteTeam "St Casablanca II"]
[BlackTeam "Aragon ONCE"]
[WhiteTeamCountry "ESP"]
[BlackTeamCountry "ESP"]

1. d4 d5 2. Bf4 c6 3. e3 Bf5 4. c4 e6 5. Nc3 Nd7 6. Nf3 Be7 7. Be2 h6 8. h3 Ngf6 9. 0-0 a5 10. c5 0-0 11. Na4 Ne4 12. Qb3 Ra7 13. Rfc1 Re8 14. Qd1 Bf6 15. a3 e5 16. Bh2 Qe7 17. Bf1 Bg6 18. Nb6 exd4 19. Nxd7 Qxd7 20. exd4 Bh5 21. g4 Bg6 22. Ne5 Bxe5 23. Bxe5 f6 24. Bh2 Qe7 25. f3 Ng5 26. Rc3 a4 27. Qd2 f5 28. Bd6 Qd8 29. Bf4 Ne6 30. Be5 fxg4 31. hxg4 Ng5 32. Re1 Ra8 33. Qg2 Qd7 34. Rce3 Re7 35. Be2 Rf7 36. f4 Be4 37. Qg3 Ne6 38. Bd1 Raf8 39. Rf1 Ra8 40. Rf2 Qd8 41. Rh2 Nf8 42. Re1 Ng6 43. f5 Nxe5 44. dxe5 Qe7 45. Qc3 Qg5 46. Kf1 Bxf5 47. gxf5 Qxf5+ 48. Kg1 Raf8 49. Rg2 Qf4 50. e6 Re7 51. Bh5 Rf6 52. Bf7+ Kh8 53. Qe5 Rfxf7 54. exf7 Rxe5 55. Rxe5 Qc1+ 1/2-1/2

[Event "Aragon-chT Honor Titulo"]
[Site "Aragon"]
[Date "2016.03.19"]
[Round "8.9"]
[White "Gavin Roche, Enrique"]
[Black "Lana Rodriguez, David"]
[Result "0-1"]
[WhiteElo "2242"]
[BlackElo "2260"]
[PlyCount "66"]
[EventDate "2016.03.19"]
[EventType "team-tourn"]
[EventRounds "10"]
[EventCountry "ESP"]
[SourceTitle "EXT 2018"]
[Source "ChessBase"]
[SourceDate "2017.10.13"]
[SourceVersion "1"]
[SourceVersionDate "2017.10.13"]
[SourceQuality "1"]
[WhiteTeam "Aragon ONCE"]
[BlackTeam "Agrupacion"]
[WhiteTeamCountry "ESP"]
[BlackTeamCountry "ESP"]

1. d4 e6 2. c4 d5 3. Nc3 Nf6 4. cxd5 exd5 5. Bg5 Be7 6. e3 c6 7. Qc2 0-0 8. Bd3 Nbd7 9. Nf3 Re8 10. 0-0 Nf8 11. Rab1 g6 12. h3 Ne6 13. Bh6 Ng7 14. Bxg7 Kxg7 15. b4 a6 16. a4 Be6 17. b5 cxb5 18. axb5 a5 19. Qb3 Ne4 20. Rfc1 Nxc3 21. Rxc3 a4 22. Qc2 a3 23. Qa2 Qa5 24. Rcb3 Rec8 25. Nd2 Rc4 26. Rd1 Rc7 27. Nb1 Rac8 28. Kh2 Rc1 29. Rd2 Re1 30. Kg3 Qc7+ 31. Kf3 Qc1 32. g4 Rh1 33. Nxa3 Rxh3+ 0-1

[Event "Aragon-chT Honor Descenso"]
[Site "Aragon"]
[Date "2014.03.22"]
[Round "9.29"]
[White "Gavin Roche, Enrique"]
[Black "Galve Guinea, Alejandro"]
[Result "1-0"]
[WhiteElo "2243"]
[BlackElo "2037"]
[PlyCount "92"]
[EventDate "2014.01.25"]
[EventType "team-tourn"]
[EventRounds "11"]
[EventCountry "ESP"]
[SourceTitle "EXT 2015"]
[Source "ChessBase"]
[SourceDate "2014.11.20"]
[SourceVersion "1"]
[SourceVersionDate "2014.11.20"]
[SourceQuality "1"]
[WhiteTeam "Aragon ONCE"]
[BlackTeam "El Olivar II"]
[WhiteTeamCountry "ESP"]
[BlackTeamCountry "ESP"]

1. d4 d5 2. c4 c6 3. cxd5 cxd5 4. Nc3 e5 5. e4 dxe4 6. Bb5+ Bd7 7. dxe5 Nc6 8. Qd5 Bb4 9. Nge2 Nge7 10. Qxe4 0-0 11. 0-0 Bf5 12. Qf4 Bc2 13. Qg3 Rc8 14. Bg5 h6 15. Rac1 Bg6 16. Bf4 Qa5 17. Rfd1 Nf5 18. Qg4 h5 19. Qh3 Bxc3 20. Nxc3 Ncd4 21. Bd3 Qb4 22. Rb1 Rfd8 23. Bg5 Re8 24. Nb5 Nxb5 25. Bxf5 Bxf5 26. Qxf5 Qg4 27. Qxg4 hxg4 28. a4 Nc7 29. Rbc1 Ne6 30. Be3 a6 31. Kf1 Kh7 32. Rxc8 Rxc8 33. Rd7 Rc4 34. Rxf7 Rxa4 35. Rxb7 Kg6 36. Bd2 Nd4 37. Rc7 Kf5 38. Ke1 Ne6 39. Rf7+ Kxe5 40. Bc3+ Ke4 41. Re7 Kd3 42. Rd7+ Ke4 43. Kd2 Ra1 44. Re7 Kd5 45. Ra7 Nc5 46. Rxg7 Ne4+ 1-0

[Event "Aragon-chT Honor GrB"]
[Site "Aragon"]
[Date "2014.02.08"]
[Round "3.25"]
[White "Gavin Roche, Enrique"]
[Black "Llanes Luno, Ricardo"]
[Result "1-0"]
[WhiteElo "2243"]
[BlackElo "2193"]
[PlyCount "63"]
[EventDate "2014.01.25"]
[EventType "team-tourn"]
[EventRounds "7"]
[EventCountry "ESP"]
[SourceTitle "EXT 2015"]
[Source "ChessBase"]
[SourceDate "2014.11.20"]
[SourceVersion "1"]
[SourceVersionDate "2014.11.20"]
[SourceQuality "1"]
[WhiteTeam "Aragon ONCE"]
[BlackTeam "Delicias"]
[WhiteTeamCountry "ESP"]
[BlackTeamCountry "ESP"]

1. d4 f5 2. c4 Nf6 3. g3 g6 4. Bg2 Bg7 5. Nc3 0-0 6. Nh3 d6 7. d5 c6 8. Nf4 Na6 9. dxc6 bxc6 10. Bxc6 Rb8 11. 0-0 g5 12. Bd5+ Nxd5 13. Qxd5+ Kh8 14. Ne6 Bxe6 15. Qxe6 Nc5 16. Qd5 e6 17. Qd2 f4 18. Rb1 Be5 19. b3 fxg3 20. hxg3 Qf6 21. Bb2 Qf5 22. Nb5 Ne4 23. Bxe5+ Qxe5 24. Qe3 Rf6 25. Nxd6 Qxd6 26. Qxe4 Rbf8 27. Rbd1 Qb6 28. Rd7 R8f7 29. Rxf7 Rxf7 30. Qe5+ Rg7 31. Rd1 h6 32. Rd7 1-0

[Event "Aragon-chT Honor Descenso"]
[Site "Aragon"]
[Date "2013.04.06"]
[Round "10.17"]
[White "Gavin Roche, Enrique"]
[Black "Gimenez Martinez, Alberto"]
[Result "1-0"]
[WhiteElo "2249"]
[BlackElo "2171"]
[PlyCount "123"]
[EventDate "2013.01.26"]
[EventType "team-tourn"]
[EventRounds "11"]
[EventCountry "ESP"]
[SourceTitle "EXT 2014"]
[Source "ChessBase"]
[SourceDate "2013.11.20"]
[SourceVersion "1"]
[SourceVersionDate "2013.11.20"]
[SourceQuality "1"]
[WhiteTeam "Aragon ONCE"]
[BlackTeam "St Casablanca II"]
[WhiteTeamCountry "ESP"]
[BlackTeamCountry "ESP"]

1. d4 d5 2. c4 e6 3. Nc3 Nf6 4. Bg5 Be7 5. e3 h6 6. Bh4 0-0 7. Nf3 b6 8. cxd5 Nxd5 9. Bxe7 Qxe7 10. Qa4 Bb7 11. Be2 Nd7 12. 0-0 a6 13. Rac1 c5 14. Qa3 cxd4 15. Qxe7 Nxe7 16. Nxd4 Rac8 17. Rfd1 Rfd8 18. Rc2 Ne5 19. Rdc1 b5 20. Kf1 Kf8 21. a3 Nd5 22. Nb3 Nxc3 23. Rxc3 Rxc3 24. Rxc3 Bd5 25. Na5 Be4 26. f3 Bg6 27. Ke1 Nd3+ 28. Bxd3 Rxd3 29. Rxd3 Bxd3 30. b4 Ke7 31. Nb7 Bh7 32. Kd2 e5 33. Nc5 Kd6 34. Nxa6 Kd5 35. Kc3 f5 36. Nc7+ Kc6 37. Ne8 g5 38. Nf6 Bg6 39. Ng8 Kd6 40. Nxh6 Ke6 41. g4 fxg4 42. Nxg4 Kf5 43. Nh6+ Ke6 44. e4 Be8 45. Ng4 Bc6 46. Kd3 Be8 47. Ke2 Bh5 48. Kf2 Be8 49. Kg3 Bc6 50. Nf2 Kf6 51. Kg4 Kg6 52. Nd3 Bd7+ 53. Kg3 Kf6 54. Nc5 Bc6 55. Kh3 Be8 56. Kg4 Kg6 57. Kg3 Bc6 58. Nd3 Kf6 59. Kg4 Bd7+ 60. Kh5 Be8+ 61. Kh6 Bd7 62. Nf2 1-0

[Event "Aragon-chT Honor GrA"]
[Site "Aragon"]
[Date "2013.01.26"]
[Round "1.1"]
[White "Gavin Roche, Enrique"]
[Black "Gil Capape, Marco Antonio"]
[Result "1/2-1/2"]
[WhiteElo "2249"]
[BlackElo "2084"]
[PlyCount "117"]
[EventDate "2013.01.26"]
[EventType "team"]
[EventRounds "7"]
[EventCountry "ESP"]
[SourceTitle "EXT 2014"]
[Source "ChessBase"]
[SourceDate "2013.11.20"]
[SourceVersion "1"]
[SourceVersionDate "2013.11.20"]
[SourceQuality "1"]
[WhiteTeam "Aragon ONCE"]
[BlackTeam "Caissa Hermanos Cortes"]
[WhiteTeamCountry "ESP"]
[BlackTeamCountry "ESP"]

1. d4 g6 2. c4 Bg7 3. Nc3 c5 4. d5 Bxc3+ 5. bxc3 f5 6. g4 fxg4 7. h3 g3 8. fxg3 Qa5 9. Qd3 d6 10. Bd2 Nd7 11. Nf3 Ngf6 12. e4 0-0 13. g4 Ne8 14. Be2 Ne5 15. Nxe5 dxe5 16. Qg3 Qc7 17. Bh6 Rf7 18. Bd3 Bd7 19. a4 Ng7 20. Rf1 Raf8 21. Rxf7 Rxf7 22. a5 Bc8 23. Kd2 Qd6 24. Be3 e6 25. Qg1 b6 26. axb6 axb6 27. Ra8 Rf8 28. Bh6 Qc7 29. Qg3 Bb7 30. Ra7 Rf7 31. Be3 Qb8 32. Ra1 exd5 33. cxd5 Ne8 34. Ke2 Kg7 35. c4 Nf6 36. Bd2 Nd7 37. Bc2 Kf8 38. Bc3 Rf4 39. g5 Ke7 40. Ke3 Qf8 41. Ba4 Rf1 42. Bxe5 Rxa1 43. Bxa1 Qf1 44. Bf6+ Nxf6 45. Qe5+ Kf7 46. Qe6+ Kg7 47. Qe7+ Kg8 48. Qxf6 Qxh3+ 49. Qf3 Qh4 50. Qf4 Qe1+ 51. Kf3 Bc8 52. Be8 Qc3+ 53. Kf2 Qd4+ 54. Kg3 Qg1+ 55. Kf3 Qf1+ 56. Ke3 Qc1+ 57. Kf3 Qf1+ 58. Kg3 Qg1+ 59. Kf3 1/2-1/2

[Event "Aragon-chT Honor GrA "]
[Site "Aragon"]
[Date "2012.02.11"]
[Round "2.5"]
[White "Gavin Roche, Enrique"]
[Black "Llorente Zaro, Alfonso"]
[Result "0-1"]
[WhiteElo "2253"]
[BlackElo "2445"]
[PlyCount "134"]
[EventDate "2012.02.04"]
[EventType "team-tourn"]
[EventRounds "7"]
[EventCountry "ESP"]
[SourceTitle "EXT 2014"]
[Source "ChessBase"]
[SourceDate "2013.11.20"]
[SourceVersion "1"]
[SourceVersionDate "2013.11.20"]
[SourceQuality "1"]
[WhiteTeam "Aragon ONCE"]
[BlackTeam "Agrupacion"]
[WhiteTeamCountry "ESP"]
[BlackTeamCountry "ESP"]

1. d4 d6 2. c4 e5 3. dxe5 dxe5 4. Qxd8+ Kxd8 5. Nc3 c6 6. b3 Be6 7. Bb2 Nd7 8. 0-0-0 f6 9. e3 Kc7 10. Bd3 Ne7 11. Nf3 Nc8 12. Rhg1 Nc5 13. Bc2 a5 14. g4 a4 15. g5 Nd6 16. gxf6 gxf6 17. Nd2 axb3 18. axb3 b5 19. b4 Na6 20. cxb5 Nxb4 21. bxc6 Nxc2 22. Kxc2 Kxc6 23. Ra1 Be7 24. Rxa8 Rxa8 25. Rg7 Bf8 26. Rg1 Bf7 27. Ra1 Rb8 28. Ra4 Bg6+ 29. Kc1 Bd3 30. Ba3 Nb5 31. Bxf8 Nxc3 32. Ra3 Ne2+ 33. Kd1 e4 34. Bg7 f5 35. f3 Ng1 36. Ke1 Rg8 37. fxe4 fxe4 38. Ra7 Nh3 39. Nf1 Rb8 40. Ng3 Ng5 41. Kd2 Rb3 42. Ra1 Nf3+ 43. Kd1 Nxh2 44. Nf5 Rb7 45. Nd4+ Kd6 46. Bh6 Nf3 47. Bf4+ Kd5 48. Nxf3 exf3 49. Kd2 Bc4 50. Ra5+ Kc6 51. Bg3 Rb3 52. Re5 Ra3 53. e4 Rd3+ 54. Ke1 Ra3 55. Kf2 Be2 56. Re7 h5 57. Rc7+ Kb6 58. Rh7 Bd1 59. Rh6+ Kb7 60. Rxh5 Ra2+ 61. Kf1 Be2+ 62. Kf2 Bd1+ 63. Kf1 Bc2 64. Kf2 Bxe4+ 65. Ke3 Re2+ 66. Kf4 Bc6 67. Rh2 Rxh2 0-1

[Event "Aragon-chT Honor Descenso"]
[Site "Spain"]
[Date "2011.04.10"]
[Round "11.1"]
[White "Bayod Rubia, Angel"]
[Black "Gavin Roche, Enrique"]
[Result "1/2-1/2"]
[WhiteElo "2053"]
[BlackElo "2241"]
[PlyCount "40"]
[EventDate "2011.03.26"]
[EventType "team-tourn"]
[EventRounds "11"]
[EventCountry "ESP"]
[SourceTitle "EXT 2013"]
[Source "ChessBase"]
[SourceDate "2012.11.22"]
[SourceVersion "1"]
[SourceVersionDate "2012.11.22"]
[SourceQuality "1"]
[WhiteTeam "Olivar II"]
[BlackTeam "Aragon"]
[WhiteTeamCountry "ESP"]
[BlackTeamCountry "ESP"]

1. e4 e6 2. d4 d5 3. exd5 exd5 4. Bd3 Bd6 5. Qe2+ Qe7 6. Qxe7+ Nxe7 7. Nf3 Nbc6 8. c3 0-0 9. 0-0 Bf5 10. Bxf5 Nxf5 11. b3 Rfe8 12. Ba3 f6 13. Bxd6 Nxd6 14. Nbd2 Ne4 15. Nxe4 Rxe4 16. Rfe1 Rae8 17. Kf1 Kf7 18. Nd2 Rxe1+ 19. Rxe1 Rxe1+ 20. Kxe1 b5 1/2-1/2

[Event "Aragon-chT Honor Descenso"]
[Site "Spain"]
[Date "2011.04.02"]
[Round "9.2"]
[White "Gavin Roche, Enrique"]
[Black "Latorre Abad, Fernando"]
[Result "1-0"]
[WhiteElo "2241"]
[BlackElo "2100"]
[PlyCount "57"]
[EventDate "2011.03.26"]
[EventType "team-tourn"]
[EventRounds "11"]
[EventCountry "ESP"]
[SourceTitle "EXT 2013"]
[Source "ChessBase"]
[SourceDate "2012.11.22"]
[SourceVersion "1"]
[SourceVersionDate "2012.11.22"]
[SourceQuality "1"]
[WhiteTeam "Aragon"]
[BlackTeam "Aragon ONCE"]
[WhiteTeamCountry "ESP"]
[BlackTeamCountry "ESP"]

1. d4 f5 2. g3 Nf6 3. Bg2 g6 4. c4 Bg7 5. Nc3 0-0 6. Nh3 d6 7. d5 Na6 8. Nf4 e5 9. dxe6 c6 10. Rb1 g5 11. Nd3 Ng4 12. h4 gxh4 13. Rxh4 Bxe6 14. Qd2 Bxc4 15. b3 Bxd3 16. Qxd3 Qb6 17. e3 Rae8 18. Na4 Ne5 19. Qe2 Qc7 20. Bb2 Bf6 21. Rh5 Nb4 22. Kf1 b5 23. Nc3 d5 24. Rxf5 d4 25. Ne4 dxe3 26. Nxf6+ Rxf6 27. Rxf6 exf2 28. Bxe5 Rxe5 29. Qg4+ 1-0

[Event "Aragon-chT Honor I"]
[Site "Spain"]
[Date "2011.02.26"]
[Round "4.5"]
[White "Gimenez Martinez, Alberto"]
[Black "Gavin Roche, Enrique"]
[Result "1-0"]
[WhiteElo "2132"]
[BlackElo "2241"]
[PlyCount "91"]
[EventDate "2011.02.05"]
[EventType "team-tourn"]
[EventRounds "7"]
[EventCountry "ESP"]
[SourceTitle "EXT 2013"]
[Source "ChessBase"]
[SourceDate "2012.11.22"]
[SourceVersion "1"]
[SourceVersionDate "2012.11.22"]
[SourceQuality "1"]
[WhiteTeam "St Casablanca II"]
[BlackTeam "Aragon"]
[WhiteTeamCountry "ESP"]
[BlackTeamCountry "ESP"]

1. e4 e6 2. d4 d5 3. e5 c5 4. c3 Nc6 5. Nf3 Nh6 6. Be2 cxd4 7. cxd4 Nf5 8. g4 Nh4 9. Nxh4 Qxh4 10. Be3 Bd7 11. Nd2 Qd8 12. 0-0 Qb6 13. Rb1 a5 14. Kh1 f6 15. exf6 gxf6 16. g5 Bg7 17. Bh5+ Ke7 18. Nb3 h6 19. gxf6+ Bxf6 20. Nc5 Rag8 21. Qf3 Rf8 22. Qg4 Bc8 23. Qg6 Nxd4 24. Nb3 a4 25. Nxd4 Bxd4 26. Bxh6 Bd7 27. Bxf8+ Rxf8 28. f4 Bf6 29. Bf3 Rh8 30. Rbe1 Qxb2 31. Re2 Qd4 32. Bg2 Bb5 33. Ree1 Bxf1 34. Rxf1 b5 35. h3 b4 36. f5 e5 37. Rc1 e4 38. Bf1 e3 39. Rc6 Rf8 40. Qh7+ Rf7 41. Rc7+ Kd6 42. Qxf7 Ke5 43. Rc6 Qe4+ 44. Bg2 Qb1+ 45. Kh2 Qxf5 46. Qxd5+ 1-0